| 000 | 00368nam a2200145Ia 4500 | ||
|---|---|---|---|
| 008 | 240624s9999 xx 000 0 und d | ||
| 041 | _aeng | ||
| 082 | _a338.5 ARN | ||
| 100 | _aARNOLD ROGER A | ||
| 245 | _aMICROECONOMICS | ||
| 250 | _a(9th ed.) | ||
| 260 |
_c2010 _aAustralia _bSouth-Western Cengage Learning |
||
| 300 | _axxiv, : 551 : p. ; 25cm. | ||
| 365 |
_c _b25 |
||
| 999 |
_c16764 _d16764 |
||